01225naa#a2200193#i#4500001001500000005001700015011001400032100004100046102000700087200040800094210023600502215001000738608004500748675005400793700005200847700005000899700005800949856002401007RU\\bibl\5806620260514225326.4##a2312-7937##a20230418b2023####ek#y0rusy0150####ca##aRU1#aАНАЛИЗ ЭФФЕКТИВНОСТИ ПРИМЕНЕНИЯ МЕТОДОВ УБЕЖДЕНИЯ И ПРИНУЖДЕНИЯ В АДМИНИСТРАТИВНОЙ ДЕЯТЕЛЬНОСТИ ПОЛИЦИИ (ПО РЕЗУЛЬТАТАМ ОПРОСА СЛУШАТЕЛЕЙ, ПРОХОДЯЩИХ ОБУЧЕНИЕ В БРЯНСКОМ ФИЛИАЛЕ ВИПК МВД РОССИИ)eЖурнальная статья1#aДомодедовоcВсероссийский институт повышения квалификации сотрудников Министерства внутренних дел Российской Федерацииd2023##a9 с.##aЖурнальная статья2local##aПраво. Юридические науки. 34#1aПАШКОВАgИРИНА Николаевна#1aЗраеваgИрина Михайловна#1aХРОМЕНКОВgСергей Михайлович4#avipkmvd.editorum.ru